00707 a2200193 4500000002100000001000700021005001700028008004100045020001800086082001800104100002400122245009200146260003900238300001000277630000900287690010100296999001700397952009900414BKB 13862920200902153518.0  a9780230277823 a320.011bW67O1 aWilliams, Huw Lyoyd1 aOn rawls development and global justice : the freedom of peoplescby Huw Lyoyd Williams aNew YorkbPalgrave Macmillanc2011 a242p. aPPLG aInternational relations--Philosophy; Law of peoples (Rawls, John); International law--Philosophy c11404d11404 00104070aCURAJbCURAJd2014-03-12g0.00l0o320.011 W67Op13944r2024-11-21w2020-09-02yBK